|
|
|
|
| LEADER |
00000nam0a2200000 4500 |
| 001 |
15123 |
| 005 |
20231101205008.0 |
| 010 |
|
|
|a 506003688X
|
| 035 |
|
|
|a (RuTPU)RU\TPU\book\15228
|
| 035 |
|
|
|a RU\TPU\book\50875
|
| 090 |
|
|
|a 15123
|
| 100 |
|
|
|a 20030319d2000 m y0rusy50 ca
|
| 101 |
0 |
|
|a rus
|
| 102 |
|
|
|a RU
|
| 105 |
|
|
|a a j 001zy
|
| 200 |
1 |
|
|a Краткий курс физики
|e учебное пособие
|f Т. И. Трофимова
|
| 210 |
|
|
|a Москва
|c Высшая школа
|d 2000
|
| 215 |
|
|
|a 352 с.
|c ил.
|
| 320 |
|
|
|a Предм. указ.: с. 336-347.
|
| 451 |
|
1 |
|0 (RuTPU)RU\TPU\book\50875
|y 5-06-004331-2
|t Краткий курс физики
|o учебное пособие
|f Т. И. Трофимова
|e 2-е изд., испр.
|c М.
|n Высшая школа
|d 2002
|p 352 с.
|a Трофимова, Таисия Ивановна
|
| 606 |
1 |
|
|a Физика
|2 stltpush
|3 (RuTPU)RU\TPU\subj\63709
|9 80688
|
| 610 |
1 |
|
|a механика
|
| 610 |
1 |
|
|a молекулярная физика
|
| 610 |
1 |
|
|a термодинамика
|
| 610 |
1 |
|
|a электричество
|
| 610 |
1 |
|
|a электромагнетизм
|
| 610 |
1 |
|
|a колебания
|
| 610 |
1 |
|
|a волны
|
| 610 |
1 |
|
|a излучение
|
| 610 |
1 |
|
|a свет
|
| 610 |
1 |
|
|a дифракция
|
| 610 |
1 |
|
|a интерференция
|
| 610 |
1 |
|
|a поляризация
|
| 610 |
1 |
|
|a атомы
|
| 610 |
1 |
|
|a молекулы
|
| 610 |
1 |
|
|a твердые тела
|
| 610 |
1 |
|
|a квантовая физика
|
| 610 |
1 |
|
|a элементарные частицы
|
| 610 |
1 |
|
|a учебные пособия
|
| 675 |
|
|
|a 53(07)
|v 3
|
| 700 |
|
1 |
|a Трофимова
|b Т. И.
|g Таисия Ивановна
|
| 801 |
|
0 |
|a RU
|b 63413507
|c 20011209
|g PSBO
|
| 801 |
|
2 |
|a RU
|b 63413507
|c 20201207
|g PSBO
|
| 900 |
|
|
|a Физика
|
| 942 |
|
|
|c BK
|